Управление энергосистемами: переводы докладов международной конференции по большим электрическим системам (СИГРЭ-82)

Библиографические подробности
Автор-организация: Управление энергосистемами (570)
Другие авторы: Руденко Ю. Н. (составитель), Семенов В. А.
Язык:русский
Опубликовано: Москва, Энергоатомиздат, 1984
Серии:Энергетика за рубежом
Предметы:
Формат: MixedMaterials Книга
Запись в KOHA:https://koha.lib.tpu.ru/cgi-bin/koha/opac-detail.pl?biblionumber=293997

MARC

LEADER 00000nam0a2200000 4500
001 293997
005 20231102000640.0
035 |a (RuTPU)RU\TPU\book\319047 
090 |a 293997 
100 |a 20150507d1984 km y0rusy50 ca 
101 1 |a rus 
102 |a RU 
105 |a a z 100zy 
200 1 |a Управление энергосистемами  |e переводы докладов международной конференции по большим электрическим системам (СИГРЭ-82)  |f сост. Ю. Н. Руденко, В. А. Семенов 
210 |a Москва  |c Энергоатомиздат  |d 1984 
215 |a 168 с.  |c ил. 
225 1 |a Энергетика за рубежом 
606 1 |a Энергосистемы  |x Эксплуатация  |y Надежность  |2 stltpush  |3 (RuTPU)RU\TPU\subj\72671  |9 86080 
610 1 |a управление 
610 1 |a оперативное управление 
610 1 |a диспетчерское управление 
610 1 |a планирование 
610 1 |a режимы 
610 1 |a энергообъединения 
610 1 |a противоаварийная автоматика 
610 1 |a аварийные режимы 
675 |a 621.311.004  |v 3 
702 1 |a Руденко  |b Ю. Н.  |4 220 
702 1 |a Семенов  |b В. А.  |4 220 
712 1 2 |a Управление энергосистемами  |c международная конференция (СИГРЭ-82)  |e Москва  |f 1982  |4 570 
801 1 |a RU  |b 63413507  |c 20150507 
801 2 |a RU  |b 63413507  |c 20181012  |g RCR 
942 |c BK